000 00219nam a22000977a 4500
003 OSt
008 210114b ||||| |||| 00| 0 eng d
100 _aGorki, Maxim
_94863
245 _aGorkiyude Natakangal I
942 _cBK
999 _c16539
_d16539